000 00642nam a2200193 a 4500
003 MX-MxUPN
005 20220617124101.0
008 220615s1919 mx a||||r|||| 000 0 spa d
040 _aMX-MxUPN
_bspa
_cMX-MxUPN
041 0 _aspa
050 1 4 _aLB1649 M6
_bV42
100 1 _aVelasco, Toribio
_943867
245 1 0 _aApuntes de Química :
_bpara uso de los alumnos de las escuelas primarias superiores
260 _aMéxico :
_bHerrero Hermanos Sucesores,
_c1919.
300 _a178 páginas :
_bilustraciones.
650 4 _aQuímica
_xEstudio y enseñanza (Secundaria)
_97244
650 4 _aQuímica
_vLibros de texto
_944690
942 _2lcc
_cLIBRO
999 _c208633
_d208633